| 000 | 00989cam a2200169 i 4500 | ||
|---|---|---|---|
| 999 |
_c5105 _d5105 |
||
| 020 | _a9789988145743 | ||
| 050 | 0 | 0 |
_aKRX1750 _b.Ab8 |
| 100 | 1 | _aAbrefa-Gyan, Kwame. | |
| 245 | 1 | 4 | _cKwame Abrefa-Gyan. |
| 245 | 1 | 4 |
_aThe constitution and public administration in Ghana : _bfor professional and tertiary students / |
| 260 |
_aAirport, Accra _bProdeal Systems Ltd _c2011 |
||
| 300 |
_avii, 255 pages ; _c21 cm |
||
| 505 | _a1. The nature of constitution 2. The organs of government 3. The doctrine of separation of powers and checks and balances 4. Citizenship, right and duties 5. The rule of law 6. Delegated legislated 7. Political parties, pressure groups and publication 8. Evolution of constitution rule in Ghana 9. The Directive principles of state policy under the 1992 constitution 10. Public Administration 11. Administrative Law 12. Economic community of the West Africa State (ECOWAS) | ||
| 650 | 0 | _aConstitutional law | |
| 650 | 0 | _aPublic administration | |
| 942 | _cBK | ||